• 首页
  • 本馆介绍
  • 公告通知
  • 最新文献
  • 馆藏检索
  • 电子资源
  • 读者导购
  • 参考咨询
  • 我的图书馆
  • 登录
  • 详细信息显示
  • 放入我的书架
  • 预约/预借图书
  • 作者相关作品
  • 分类相关作品
  • 丛书相关作品
  • 出版社相关作品

书目信息

  • 表格格式
  • 工作单格式
  • 卡片格式
书名: Seeing is believing?
作者: edited by Arthur Asa Berger
分册号:
分册名:
出版地: Amsterdam :
 
出版社: Elsevier JAI
出版时间: 2004.
页数: 210 p. :
开本: 25 cm.
丛书名:
中图分类号:
科图分类号:
其他分类号: C03
主题词:
电子资源:
000 01156nam 2200289 a 4500
001 E0737904668
004 001141850
005 20070314103651.39
008 4001uueng0000000
008 f@b a000 0 eng
015    @aGBA475399 @2bnb
020    @a0762310219 (hbk.).
040    @aUKM @cUKM @dOHX @dOCLCQ @dCcBjTSG
072  7 @aHM @2lcco
082 04 @a300.72 @222
090    @aC03
099    @dC03@ex2=2
245 00 @aSeeing is believing? :@ban introducation to visual communication / @cedited by Arthur Asa Berger
260    @aAmsterdam :@bElsevier JAI,@c2004.
300    @a210 p. :@bphotos ;@c25 cm.
504    @aIncludes bibliographical references.
650  0 @aQualitative research.
650  0 @aSocial sciences @xResearch @xMethodology.
650  0 @aVisual sociology.
650  0 @aSocial sciences @xResearch @xAudio-visual aids.
700 1  @aedited by Berger,Arthur Asa@q(Christopher John), @d1959- @b01 @c20050316 @lNLC09 @h0803 @b01 @c20050316 @lNLC09 @h0815 @b40 @c20050822 @lNLC09 @h1052 @b40 @c20050822 @lNLC09 @h1052 @b40 @c20050822 @lNLC09 @h1052 @b40 @c20050919 @lNLC09 @h1408
852 91 @bWWDY @k2-2005 @hC03 @iS451
    
    Seeing is believing? : : an introducation to visual communication / / edited by Arthur Asa Berger.-Amsterdam : : Elsevier JAI, , 2004.
    210 p. : : photos ; ; 25 cm.
    Includes bibliographical references.
    
    ISBN 0762310219 (hbk.).
    
●
相关链接 在E读中查询图书 在五车中查询图书 在当当中查询图书 在豆瓣中查询图书


正题名:Seeing is believing?     索取号:C03/x2=2         预约/预借

序号 登录号 条形码 馆藏地/架位号 状态 备注
1 0001728   300017283   第二样本阅览室/ [索取号:C03/x2=2] 在馆    
2 0001729   300017292   第四借阅区/ [索取号:C03/x2=2] 在馆    
3 0001730   300017309   第四借阅区/ [索取号:C03/x2=2] 在馆    
4 0001731   300017318   第四借阅区/ [索取号:C03/x2=2] 在馆    
5 0001732   300017327   第四借阅区/ [索取号:C03/x2=2] 在馆    
唐山师范学院图书馆 欢迎您!
大连网信软件有限公司© 版权所有